000 00612nam a2200229Ia 4500
003 OSt
005 20220926044706.0
006 a|||||r|||| 00| 0
007 ta
008 220923b |||||||| |||| 00| 0 eng d
037 _cGeneral Book
040 _aRTL
_cRTL
_beng
041 _2eng
_aeng
082 _aV5.N6, K3
100 _aBarraclough Geoffrey
_972540
245 0 _aEuropean unity in tought and action
260 _c1963
490 _aVogelenzang Lecture, 1963
650 _aEurope History
_914786
942 _hV5.N6, K3
_cGB
_2CC
999 _c675539
_d675539